Az alvási apnoe szindróma kezelésének módjai és az ezzel kapcsolatos nehézségek a mindennapi gyakorlatban

Az obstruktív alvási apnoe szindróma (OSAS) a leggyakoribb alvás alatti légzészavar, előfordulása 2-4% az össznépességben a jelenleg rendelkezésre álló irodalmi adatok alapján. Becsült értéke azonban jóval nagyobb, akár 10-15% a népességben. Ez is azt mutatja, hogy lényegesen aluldiagnosztizált kórk...

Teljes leírás

Elmentve itt :
Bibliográfiai részletek
Szerzők: Molnár Márton
Csatlós Dalma Dorottya
Hargittay Csenge
Mohos András
Terray-Horváth Attila
Dombovári Magdolna
Dokumentumtípus: Cikk
Megjelent: 2019
Sorozat:LEGE ARTIS MEDICINAE 29 No. 4-5
Tárgyszavak:
doi:10.33616/lam.29.021

mtmt:30636971
Online Access:http://publicatio.bibl.u-szeged.hu/38086
LEADER 02330nab a2200277 i 4500
001 publ38086
005 20251022091018.0
008 251022s2019 hu o 000 hun d
022 |a 0866-4811 
024 7 |a 10.33616/lam.29.021  |2 doi 
024 7 |a 30636971  |2 mtmt 
040 |a SZTE Publicatio Repozitórium  |b hun 
041 |a hun 
100 1 |a Molnár Márton 
245 1 3 |a Az alvási apnoe szindróma kezelésének módjai és az ezzel kapcsolatos nehézségek a mindennapi gyakorlatban  |h [elektronikus dokumentum] /  |c  Molnár Márton 
260 |c 2019 
300 |a 199-206 
490 0 |a LEGE ARTIS MEDICINAE  |v 29 No. 4-5 
520 3 |a Az obstruktív alvási apnoe szindróma (OSAS) a leggyakoribb alvás alatti légzészavar, előfordulása 2-4% az össznépességben a jelenleg rendelkezésre álló irodalmi adatok alapján. Becsült értéke azonban jóval nagyobb, akár 10-15% a népességben. Ez is azt mutatja, hogy lényegesen aluldiagnosztizált kórkép. Számos tünete közül a legjellemzőbb a hangos horkolás és a napközbeni álmosság. A terápia mindig több egyénre szabott elemből áll, és ezek jellemzője a hatékonyság, illetve a beteg együtt­mű­kö­dé­se. A terápia szükségességét három kritérium - a klinikai panaszok (nappali közérzetromlás), a légzészavar súlyossága és a cardiovascularis kísérőbetegségek - alapján ítélhetjük meg. Az enyhe, esetleg középsúlyos OSAS kezelésének módszere lehet az életmód megváltoztatása (testsúlycsökkentés, az alkohol és a szedatívumok kerülése), a pozicionális terápia, a szájba helyezhető protézisek, illetve többféle műtéti lehetőség. A közepesen súlyos-súlyos, illetve tüneteket okozó enyhe alvási apnoe szindróma kezelésében az elsőként választandó terápiás opció a pozitív légúti nyomás terápia. A szerzők az új terápiás lehetőségek bemutatása mellett a családorvos szerepét is részletezik az apnoés betegek gondozásának terén. 
650 4 |a Egészségtudományok 
700 0 1 |a Csatlós Dalma Dorottya  |e aut 
700 0 1 |a Hargittay Csenge  |e aut 
700 0 1 |a Mohos András  |e aut 
700 0 2 |a Terray-Horváth Attila  |e aut 
700 0 2 |a Dombovári Magdolna  |e aut 
856 4 0 |u http://publicatio.bibl.u-szeged.hu/38086/1/10.Azalvasiapnoeszindroma.pdf  |z Dokumentum-elérés